| 000 | 01614nam a2200457 a 4500 | ||
|---|---|---|---|
| 001 | 000009928 | ||
| 003 | DO-SdBNP | ||
| 005 | 20171103130217.0 | ||
| 007 | 000009928 | ||
| 008 | 091002s1986 dr 000 p spa d | ||
| 040 |
_aBPMSU _bspa _cBPMSU |
||
| 082 | 4 |
_aRD861.44 _bC957e |
|
| 100 | 1 | _aCruz y Cruz, José Ignacio de la | |
| 245 | 1 | 2 |
_aEl espacio cortado / _cJosé Ignacio de la Cruz y Cruz. |
| 260 |
_aSanto Domingo : _bBiblioteca Nacional, _c1986. |
||
| 300 |
_a74 p. ; _c21 cm. |
||
| 490 | 1 | _aOrfeo | |
| 650 | 4 | _aPOESÍA DOMINICANA | |
| 650 | 4 | _aLITERATURA DOMINICANA | |
| 830 | 0 | _aOrfeo | |
| 910 | _aValidado. Control de calidad BNPHU. | ||
| 930 | 1 |
_lBND01 _mLF1 _820091002 _f04 _pHD _g5028 _he. 3 |
|
| 930 | 1 |
_lBND01 _mLF1 _820091002 _f01 _pHD _g5028 _he. 4 |
|
| 930 | 1 |
_lBND01 _mLF1 _820091002 _f04 _pHD _g5028 _he. 5 |
|
| 930 | 1 |
_lBND01 _mLF1 _820091002 _f01 _pHD _g5027 |
|
| 930 | 1 |
_lBND01 _mLF1 _820091002 _f01 _pHD _g5027 _he. 2 |
|
| 942 |
_2ddc _cBK |
||
| 945 | _aInventariado, 2017/MFF | ||
| 956 |
_aSARMENTERO _b10 _c20091002 _lBND01 _h0957 |
||
| 956 |
_aSARMENTERO _b10 _c20091002 _lBND01 _h0957 |
||
| 956 |
_aRABREU _b10 _c20091005 _lBND01 _h1411 |
||
| 956 |
_aRABREU _b10 _c20091005 _lBND01 _h1413 |
||
| 956 |
_aYLOCKWARD _b10 _c20091013 _lBND01 _h1109 |
||
| 956 |
_aYLOCKWARD _b10 _c20091013 _lBND01 _h1110 |
||
| 956 |
_aYLOCKWARD _b10 _c20091013 _lBND01 _h1113 |
||
| 956 |
_aYLOCKWARD _b10 _c20100706 _lBND01 _h0917 |
||
| 956 |
_aMMOLINA _b30 _c20100708 _lBND01 _h1504 |
||
| 956 |
_aMMOLINA _b20 _c20100708 _lBND01 _h1534 |
||
| 956 |
_aMMOLINA _b40 _c20110207 _lBND01 _h1459 |
||
| 956 |
_aMMOLINA _b40 _c20110207 _lBND01 _h1511 |
||
| 999 |
_c7213 _d7213 |
||